书目信息 |
| 题名: |
高中生物复习指导
|
|
| 作者: | 余淑明 , 朱正威 编 | |
| 分册: | ||
| 出版信息: | 北京 中国农业机械出版社 1981 |
|
| 页数: | 126页 | |
| 开本: | 19cm | |
| 丛书名: | ||
| 单 册: | ||
| 中图分类: | G634.91 | |
| 科图分类: | ||
| 主题词: | 生物--高中--教学参考资料 | |
| 电子资源: | ||
| ISBN: | ||
| 000 | 00640nam0 2200229 45 | |
| 001 | 0181010633 | |
| 005 | 20060808151640.12 | |
| 010 | @dCNY0.40 | |
| 091 | @aCN@b7216.3 | |
| 100 | @a19960215d1981 em y0chiy0121 ea | |
| 101 | 0 | @achi |
| 102 | @aCN@b110000 | |
| 105 | @ay z 000yy | |
| 200 | 10 | @a高中生物复习指导@Agao zhong sheng wu fu xi zhi dao@f余淑明,朱正威编 |
| 210 | @a北京@c中国农业机械出版社@d1981 | |
| 215 | @a126页@d19cm | |
| 606 | @a生物@x高中@x教学参考资料 | |
| 690 | @aG634.91@v3 | |
| 701 | 0 | @a余淑明@Ayu shu ming@4编 |
| 701 | 0 | @a朱正威@Azhu zheng wei@4编 |
| 801 | 0 | @aCN@bTSSF@c20060808 |
| 905 | @a10447@dG634.91@e145 | |
| 高中生物复习指导/余淑明,朱正威编.-北京:中国农业机械出版社,1981 |
| 126页;19cm |
| ISBN :CNY0.40 |
| ● |
| 相关链接 |
|
|
|
|
正题名:高中生物复习指导
索取号:G634.91/145
 
预约/预借
| 序号 | 登录号 | 条形码 | 馆藏地/架位号 | 状态 | 备注 |
| 1 | 0424330 | 204243309 | 第一样本阅览室/ [索取号:G634.91/145] | 在馆 | |
| 2 | 0440213 | 204402137 | 密集书库/ [索取号:G634.91/145] | 在馆 | |
| 3 | 0440214 | 204402146 | 密集书库/ [索取号:G634.91/145] | 在馆 | |
| 4 | 0446734 | 204467344 | 密集书库/ [索取号:G634.91/145] | 在馆 | |
| 5 | 0447382 | 204473827 | 密集书库/ [索取号:G634.91/145] | 在馆 |